[Event "Rated Blitz game"]
[Site "?"]
[Date "2021.06.18"]
[Round "?"]
[White "chessbraht"]
[Black "magos33"]
[Result "1-0"]
[WhiteElo "2432"]
[BlackElo "2385"]
[PlyCount "83"]
[EventDate "2021.??.??"]
[EventType "blitz"]

1. e4 e5 2. Nf3 d5 3. d4 dxe4 4. Nxe5 Bd6 5. Be2 Bxe5 6. dxe5 Qxd1+ 7. Bxd1 Nc6
8. Bf4 Nge7 9. Nc3 Bf5 10. g4 Bg6 11. h4 h5 12. gxh5 Bxh5 13. Nxe4 Ng6 14. Bg3
Ngxe5 15. Bxh5 Rxh5 16. O-O-O f6 17. Nc5 Rb8 18. Ne6 Kf7 19. Nxc7 Rc8 20. Nb5
Nd3+ 21. Rxd3 Rxb5 22. Rd7+ Kg8 23. Kb1 a5 24. h5 Ne5 25. Re7 Ng4 26. Rd1 Rbc5
27. Rdd7 Rxh5 28. Rxg7+ Kh8 29. a4 Ne5 30. Rxb7 Rh1+ 31. Ka2 Rxc2 32. Rge7 Rc8
33. Bxe5 fxe5 34. Rxe5 Rh4 35. Rxa5 Rf4 36. Raa7 Rxf2 37. Rh7+ Kg8 38. Rag7+
Kf8 39. Rh8+ Kxg7 40. Rxc8 Kf7 41. Rd8 Ke7 42. Rd3 {Normal} 1-0

[Event "Rated Blitz tournament JDVmj6zK"]
[Site "?"]
[Date "2021.06.18"]
[Round "?"]
[White "Algorithym123"]
[Black "Secret2700"]
[Result "0-1"]
[WhiteElo "2443"]
[BlackElo "2423"]
[PlyCount "84"]
[EventDate "2021.??.??"]
[EventType "blitz"]

1. e4 e5 2. Nf3 d5 3. exd5 e4 4. Qe2 Nf6 5. Nc3 Be7 6. Nd4 O-O 7. g3 Nxd5 8.
Nb3 Nc6 9. Bg2 f5 10. O-O Bf6 11. d3 Nxc3 12. bxc3 Bxc3 13. Ba3 Bxa1 14. Bxf8
Qxf8 15. Rxa1 exd3 16. Qxd3 Be6 17. Re1 Bxb3 18. axb3 Kh8 19. Qb5 Nd4 20. Qd3
Rd8 21. Rd1 Ne6 22. Qe2 Rxd1+ 23. Qxd1 c6 24. Bf1 Qd8 25. Qf3 g6 26. Bc4 Nd4
27. Qc3 Qf6 28. Kg2 Kg7 29. Qe3 h5 30. Qe8 b5 31. Qg8+ Kh6 32. Bd3 Ne6 33. h4
f4 34. Qc8 fxg3 35. fxg3 Nd4 36. Be4 a5 37. Qe8 a4 38. bxa4 bxa4 39. c3 Ne6 40.
Qxc6 a3 41. Qa6 Nf4+ 42. gxf4 Qxa6 {Normal} 0-1

[Event "Rated Blitz game"]
[Site "?"]
[Date "2021.06.18"]
[Round "?"]
[White "Alekhine571"]
[Black "Slimslik02"]
[Result "1-0"]
[WhiteElo "2421"]
[BlackElo "2355"]
[PlyCount "107"]
[EventDate "2021.??.??"]
[EventType "blitz"]

1. e4 e5 2. Nf3 d5 3. exd5 e4 4. Qe2 Nf6 5. d3 Bb4+ 6. Bd2 Bxd2+ 7. Nbxd2 O-O
8. dxe4 c6 9. dxc6 Nxc6 10. O-O-O Qa5 11. Kb1 Be6 12. Nb3 Qb6 13. Nfd4 Nxd4 14.
Nxd4 Bg4 15. f3 Rfd8 16. c3 Bd7 17. Qc2 Rac8 18. Be2 Qa5 19. Nb3 Qb6 20. Rd4
Ba4 21. Rhd1 Rxd4 22. Rxd4 Bxb3 23. Qxb3 Qxb3 24. axb3 Kf8 25. e5 Ne8 26. Rd7
Rc7 27. Rxc7 Nxc7 28. Kc2 Ke7 29. g3 b5 30. Kd3 Ke6 31. f4 f6 32. Bg4+ Kd5 33.
c4+ Kc5 34. e6 g6 35. f5 Kd6 36. Kd4 Kc6 37. Bf3+ Kd6 38. g4 gxf5 39. gxf5 Ne8
40. c5+ Ke7 41. Ke3 a5 42. Bc6 Nc7 43. Ke4 b4 44. h4 h5 45. Kf4 Kd8 46. Bf3 Ke7
47. Bxh5 Nd5+ 48. Ke4 Nc7 49. Be2 Ne8 50. h5 Ng7 51. h6 Ne8 52. h7 Ng7 53. h8=Q
Nxe6 54. Qh7+ {Time forfeit} 1-0

[Event "Rated Blitz tournament JDVmj6zK"]
[Site "?"]
[Date "2021.06.18"]
[Round "?"]
[White "flagorub777"]
[Black "InvisibleKoT"]
[Result "0-1"]
[WhiteElo "2470"]
[BlackElo "2508"]
[PlyCount "30"]
[EventDate "2021.??.??"]
[EventType "blitz"]

1. e4 e5 2. Nf3 d5 3. Nxe5 Bd6 4. d4 dxe4 5. Nc4 Nf6 6. Nc3 O-O 7. Bg5 Be7 8.
Ne3 Nc6 9. d5 Nxd5 10. Qxd5 Bxg5 11. Qxe4 Re8 12. Qd3 Qe7 13. Ncd5 Qe5 14.
O-O-O Be6 15. Qc3 Bxd5 {Normal} 0-1

[Event "Rated Blitz game"]
[Site "?"]
[Date "2021.06.18"]
[Round "?"]
[White "Spaine"]
[Black "ahoramahora"]
[Result "1-0"]
[WhiteElo "2503"]
[BlackElo "2405"]
[PlyCount "97"]
[EventDate "2021.??.??"]
[EventType "blitz"]

1. e4 e5 2. Nf3 d5 3. Nxe5 Bd6 4. d4 dxe4 5. Bc4 Bxe5 6. Qh5 Qe7 7. dxe5 Be6 8.
Bxe6 Qxe6 9. O-O Nc6 10. Bf4 O-O-O 11. Nc3 f5 12. exf6 Nxf6 13. Qb5 a6 14. Qa4
Rd4 15. Qb3 Qxb3 16. axb3 h6 17. Be3 Rd7 18. Rad1 Rhd8 19. Rxd7 Rxd7 20. h3 Ne5
21. Re1 c6 22. Bf4 Ng6 23. Bg3 Rd2 24. Nxe4 Nxe4 25. Rxe4 Rxc2 26. Rg4 Ne7 27.
Rxg7 Nd5 28. Be5 a5 29. f4 Ne3 30. Rc7+ Kd8 31. Rg7 h5 32. Bd4 Nf5 33. Bb6+ Ke8
34. Rg5 Nh4 35. Bf2 Rxb2 36. Bxh4 Rxb3 37. Rxa5 b5 38. Ra7 c5 39. f5 c4 40. f6
Rb1+ 41. Kh2 Rf1 42. Rb7 Rf5 43. g4 hxg4 44. hxg4 Rf1 45. g5 c3 46. g6 c2 47.
f7+ Kf8 48. Rb8+ Kg7 49. Rg8+ {Time forfeit} 1-0

[Event "Rated Blitz game"]
[Site "?"]
[Date "2021.06.18"]
[Round "?"]
[White "JohnChapman"]
[Black "lavilaine"]
[Result "1-0"]
[WhiteElo "2411"]
[BlackElo "2316"]
[PlyCount "53"]
[EventDate "2021.??.??"]
[EventType "blitz"]

1. e4 e5 2. Nf3 d5 3. exd5 e4 4. Qe2 f5 5. d3 Nf6 6. Nc3 Bb4 7. Bd2 O-O 8. dxe4
fxe4 9. Nxe4 Nxe4 10. Bxb4 Re8 11. O-O-O Nc3 12. Bxc3 Rxe2 13. Bxe2 Bg4 14. d6
cxd6 15. Bc4+ Kh8 16. Ne5 Qg5+ 17. f4 Qxf4+ 18. Rd2 dxe5 19. Rf1 Qxc4 20. Rf8+
Qg8 21. Rdd8 Be6 22. Bxe5 Nd7 23. Rxg8+ Bxg8 24. Rxd7 Be6 25. Rxg7 Rg8 26. Rg5+
Rg7 27. Rxg7 {Normal} 1-0

[Event "Rated Blitz tournament JDVmj6zK"]
[Site "?"]
[Date "2021.06.18"]
[Round "?"]
[White "Zhigalko_Sergei"]
[Black "Secret2700"]
[Result "1-0"]
[WhiteElo "2832"]
[BlackElo "2476"]
[PlyCount "93"]
[EventDate "2021.??.??"]
[EventType "blitz"]

1. e4 e5 2. Nf3 d5 3. exd5 e4 4. Qe2 Nf6 5. Nc3 Bb4 6. Nxe4 O-O 7. Nxf6+ Qxf6
8. c3 Ba5 9. d4 Bg4 10. h3 Bh5 11. g4 Bg6 12. Ne5 c5 13. Be3 Re8 14. O-O-O Na6
15. f4 Be4 16. Bg2 Bxg2 17. Qxg2 Rac8 18. Rhf1 Qd6 19. Kb1 b5 20. dxc5 Nxc5 21.
Rfe1 Na4 22. Bd4 b4 23. c4 b3 24. axb3 Bxe1 25. Rxe1 Nc5 26. Bxc5 Qxc5 27. Qf3
a5 28. Rd1 Rb8 29. d6 a4 30. Nd7 Re3 31. Nxc5 Rxf3 32. d7 h6 33. d8=Q+ Rxd8 34.
Rxd8+ Kh7 35. bxa4 Rf1+ 36. Ka2 Rf3 37. a5 Rxf4 38. a6 Rxc4 39. a7 Rxc5 40.
a8=Q h5 41. Qe4+ g6 42. gxh5 Rxh5 43. Qd4 Ra5+ 44. Kb1 Kh6 45. Qf6 Ra8 46. Rxa8
Kh5 47. Rh8# {Normal} 1-0

[Event "Rated Blitz game"]
[Site "?"]
[Date "2021.06.18"]
[Round "?"]
[White "Madara_uchiwa"]
[Black "ahoramahora"]
[Result "1-0"]
[WhiteElo "2449"]
[BlackElo "2371"]
[PlyCount "43"]
[EventDate "2021.??.??"]
[EventType "blitz"]

1. e4 e5 2. Nf3 d5 3. exd5 e4 4. Nd4 Qxd5 5. Nb3 Qe5 6. d4 exd3+ 7. Be3 dxc2 8.
Qxc2 Bf5 9. Bd3 Bxd3 10. Qxd3 Qxb2 11. Qe4+ Be7 12. Bd4 Nf6 13. Qxb7 Qc2 14.
Qxa8 O-O 15. O-O Nc6 16. Qb7 Nd5 17. Rc1 Qe2 18. Qxc6 Nf4 19. Qf3 Qxf3 20. gxf3
Ne2+ 21. Kg2 Nxc1 22. Nxc1 {Normal} 1-0

[Event "Rated Blitz game"]
[Site "?"]
[Date "2021.06.18"]
[Round "?"]
[White "piscatorox"]
[Black "ahoramahora"]
[Result "1/2-1/2"]
[WhiteElo "2432"]
[BlackElo "2365"]
[PlyCount "112"]
[EventDate "2021.??.??"]
[EventType "blitz"]

1. e4 e5 2. Nf3 d5 3. exd5 e4 4. Qe2 Nf6 5. d3 Qxd5 6. Nc3 Bb4 7. Bg5 O-O 8.
dxe4 Nxe4 9. Rd1 Nxc3 10. Rxd5 Nxe2+ 11. Kxe2 Nc6 12. c3 Bd6 13. Kd2 Be6 14.
Rb5 h6 15. Be3 b6 16. Nd4 Nxd4 17. cxd4 Rad8 18. Bd3 c5 19. dxc5 Bxc5 20. Bxc5
Bc4 21. Bxf8 Rxd3+ 22. Kc2 Bxb5 23. Bb4 a5 24. Bc3 Rd7 25. Re1 f6 26. g3 Kf7
27. f4 Bc6 28. Re2 Ba4+ 29. b3 Bb5 30. Rd2 Rc7 31. Kb2 Bd7 32. Rd6 Rb7 33. a4
b5 34. axb5 Bxb5 35. Bxa5 g5 36. Kc3 gxf4 37. gxf4 Kg6 38. Bd8 Rf7 39. Kd4 Kf5
40. Kc5 Bf1 41. b4 Kxf4 42. Rxf6+ Rxf6 43. Bxf6 Kf5 44. Bd8 Ke6 45. Kc6 Kf7 46.
b5 Ke8 47. Bc7 Bg2+ 48. Kb6 Kd7 49. Bg3 Kc8 50. h4 h5 51. Ka7 Bb7 52. b6 Bf3
53. Bf4 Bb7 54. Bg3 Bf3 55. Bf4 Bc6 56. Bg3 Bf3 {Normal} 1/2-1/2

[Event "Rated Blitz game"]
[Site "?"]
[Date "2021.06.18"]
[Round "?"]
[White "simplesimpson03"]
[Black "ahoramahora"]
[Result "0-1"]
[WhiteElo "2403"]
[BlackElo "2380"]
[PlyCount "92"]
[EventDate "2021.??.??"]
[EventType "blitz"]

1. e4 e5 2. Nf3 d5 3. exd5 e4 4. Qe2 Nf6 5. d3 Qxd5 6. Nc3 Bb4 7. Bd2 Bxc3 8.
Bxc3 O-O 9. dxe4 Nxe4 10. Rd1 Nxc3 11. Rxd5 Nxe2 12. Bxe2 Be6 13. Rd4 Nc6 14.
Rd1 Rfe8 15. O-O Bxa2 16. Bb5 Be6 17. Bxc6 bxc6 18. Nd4 Bd5 19. b3 c5 20. Nb5
c6 21. Nc7 c4 22. Nxa8 Rxa8 23. bxc4 Bxc4 24. Rfe1 g6 25. Rd4 Be6 26. Ra4 Bf5
27. c3 a6 28. Rea1 Bd3 29. Rd4 Bf5 30. f3 Kf8 31. Kf2 Ke7 32. Ke3 Be6 33. Kf4
h6 34. h4 a5 35. Rda4 Rd8 36. Rxa5 Rd3 37. R5a3 c5 38. g4 g5+ 39. hxg5 hxg5+
40. Kxg5 Rxf3 41. Ra7+ Kd6 42. Rd1+ Kc6 43. Ra3 c4 44. Rd4 Rd3 45. Rxd3 cxd3
46. Ra2 Bxa2 {Normal} 0-1

[Event "Rated Blitz game"]
[Site "?"]
[Date "2021.06.18"]
[Round "?"]
[White "j1raTh0t"]
[Black "magos33"]
[Result "1-0"]
[WhiteElo "2402"]
[BlackElo "2381"]
[PlyCount "43"]
[EventDate "2021.??.??"]
[EventType "blitz"]

1. e4 e5 2. Nf3 d5 3. exd5 e4 4. Qe2 Nf6 5. Nc3 Be7 6. Nxe4 O-O 7. d3 Re8 8.
Be3 Nxd5 9. O-O-O f5 10. Ned2 f4 11. Bd4 c5 12. Be5 Bf6 13. Bxf6 Nxf6 14. Ne4
Nxe4 15. dxe4 Qa5 16. Kb1 Nc6 17. Ng5 Ne5 18. Qh5 Bf5 19. exf5 h6 20. Nf3 Nc6
21. Bc4+ Kh8 22. Ng5 {Normal} 1-0

[Event "Rated Blitz game"]
[Site "?"]
[Date "2021.06.18"]
[Round "?"]
[White "Stapfenoder"]
[Black "ahoramahora"]
[Result "1-0"]
[WhiteElo "2482"]
[BlackElo "2394"]
[PlyCount "123"]
[EventDate "2021.??.??"]
[EventType "blitz"]

1. e4 e5 2. Nf3 d5 3. exd5 e4 4. Ne5 Qxd5 5. d4 exd3 6. Nxd3 Bf5 7. Nc3 Qd7 8.
Be2 Nc6 9. O-O O-O-O 10. Be3 a6 11. Nc5 Qxd1 12. Raxd1 Bxc5 13. Bxc5 Nf6 14.
Bc4 Ne5 15. Bb3 Bg6 16. Bd4 Nc6 17. Bxf6 gxf6 18. Nd5 Rd6 19. Nb6+ Kb8 20. Rxd6
cxd6 21. Nd7+ Kc7 22. Nxf6 Nd4 23. Nd5+ Kc6 24. Ne7+ Kd7 25. Nxg6 fxg6 26. Bd5
Nxc2 27. Bxb7 Rb8 28. Bxa6 Rxb2 29. Bc4 Nb4 30. a3 Nc2 31. a4 Rb4 32. Be2 Nd4
33. Bg4+ Kc6 34. Ra1 Kb6 35. a5+ Ka7 36. h3 d5 37. Rc1 Nb3 38. Rc7+ Ka6 39.
Rxh7 d4 40. Rh6 d3 41. Rxg6+ Kxa5 42. Rd6 Nd4 43. Kh2 Kb5 44. h4 Kc5 45. Rd8 d2
46. h5 Nc6 47. Rxd2 Rxg4 48. Kh3 Rf4 49. h6 Rf6 50. g4 Rxh6+ 51. Kg3 Nd4 52.
Rd1 Rf6 53. f4 Kd5 54. g5 Rf8 55. Kg4 Ke4 56. Re1+ Kd5 57. g6 Ne6 58. f5 Nd4
59. g7 Rg8 60. Re7 Nxf5 61. Kxf5 Kd6 62. Kf6 {Time forfeit} 1-0

[Event "Rated Blitz game"]
[Site "?"]
[Date "2021.06.18"]
[Round "?"]
[White "mollusque01"]
[Black "ahoramahora"]
[Result "0-1"]
[WhiteElo "2414"]
[BlackElo "2386"]
[PlyCount "108"]
[EventDate "2021.??.??"]
[EventType "blitz"]

1. e4 e5 2. Nf3 d5 3. Nxe5 Bd6 4. d4 dxe4 5. Bc4 Bxe5 6. dxe5 Qxd1+ 7. Kxd1 Nc6
8. Bf4 Bg4+ 9. Kc1 Nge7 10. Nd2 Ng6 11. Bg3 Ncxe5 12. Bb3 f5 13. f3 exf3 14.
Re1 O-O-O 15. Bxe5 Nxe5 16. Rxe5 f2 17. c3 Rhe8 18. Rxe8 Rxe8 19. Kc2 Re1 20.
Rc1 f4 21. Nf1 Be2 22. Nd2 Bh5 23. Nf1 Bg6+ 24. Kd2 Rxc1 25. Kxc1 Bd3 26. Nd2
f1=Q+ 27. Nxf1 Bxf1 28. Bd5 c6 29. Be4 h6 30. Kd2 Kd7 31. g3 fxg3 32. hxg3 Kd6
33. Ke3 Ke5 34. b4 Bc4 35. a4 Bd5 36. Bd3 g5 37. c4 Be6 38. b5 cxb5 39. cxb5 b6
40. Be4 Bb3 41. Bc6 Bxa4 42. Kf3 a6 43. Kg4 Bxb5 44. Bd7 Bxd7+ 45. Kh5 Kf6 46.
Kxh6 g4 47. Kh5 a5 48. Kh4 a4 49. Kh5 a3 50. Kh6 a2 51. Kh7 a1=Q 52. Kg8 Qa8+
53. Kh7 b5 54. Kh6 Qh8# {Normal} 0-1

[Event "Rated Blitz game"]
[Site "?"]
[Date "2021.06.18"]
[Round "?"]
[White "Alekhine571"]
[Black "ahoramahora"]
[Result "1-0"]
[WhiteElo "2437"]
[BlackElo "2420"]
[PlyCount "129"]
[EventDate "2021.??.??"]
[EventType "blitz"]

1. e4 e5 2. Nf3 d5 3. exd5 e4 4. Qe2 Nf6 5. d3 Qxd5 6. dxe4 Qxe4 7. Nc3 Bb4 8.
Bd2 Bxc3 9. Bxc3 Qxe2+ 10. Bxe2 Nbd7 11. O-O-O O-O 12. h3 Ne4 13. Bd4 c5 14.
Be3 Ndf6 15. g4 Be6 16. Kb1 Nd5 17. Rhf1 Ndc3+ 18. bxc3 Nxc3+ 19. Kb2 Nxe2 20.
Rd2 Nd4 21. Bxd4 cxd4 22. Nxd4 Rfe8 23. Re1 Bc4 24. Red1 Rad8 25. Nf5 Rxd2 26.
Rxd2 Be6 27. Nd6 Rb8 28. c4 Kf8 29. Kc3 Ke7 30. f4 g6 31. f5 gxf5 32. gxf5 Bd7
33. Kd4 Bc6 34. c5 Rg8 35. Rb2 Rg3 36. Nxb7 Rxh3 37. Na5 Rh4+ 38. Kc3 Bd5 39.
Re2+ Kf6 40. c6 Rh3+ 41. Kd4 Bxc6 42. Nxc6 Kxf5 43. Nxa7 Rh4+ 44. Kd5 Ra4 45.
Nc6 h5 46. Rf2+ Kg6 47. Ne5+ Kg5 48. Nxf7+ Kg4 49. Ne5+ Kg3 50. Rb2 h4 51. Rb8
h3 52. Rg8+ Kf2 53. Rh8 Kg3 54. Nd3 Rxa2 55. Ke4 Ra4+ 56. Ke3 Ra3 57. Rg8+ Kh2
58. Ke2 Ra2+ 59. Kf3 Ra3 60. Rh8 Rxd3+ 61. Kf2 Ra3 62. Kf1 Ra1+ 63. Kf2 Ra2+
64. Kf3 Ra1 65. Kf4 {Time forfeit} 1-0

[Event "Rated Blitz tournament JDVmj6zK"]
[Site "?"]
[Date "2021.06.18"]
[Round "?"]
[White "sopueyz"]
[Black "Lur15"]
[Result "1/2-1/2"]
[WhiteElo "2651"]
[BlackElo "2369"]
[PlyCount "82"]
[EventDate "2021.??.??"]
[EventType "blitz"]

1. e4 e5 2. Nf3 d5 3. exd5 e4 4. Qe2 Nf6 5. d3 Qxd5 6. dxe4 Qxe4 7. Qxe4+ Nxe4
8. Bd3 Nc5 9. Bc4 Be6 10. Bxe6 Nxe6 11. O-O Nc6 12. Nc3 O-O-O 13. a3 a6 14. Be3
Bc5 15. Bxc5 Nxc5 16. Ng5 Rdf8 17. Rad1 h6 18. Nge4 Nxe4 19. Nxe4 Rd8 20. c3
Rhe8 21. f3 Ne5 22. b3 Nd3 23. g3 f5 24. Nf2 Nc5 25. b4 Na4 26. c4 Nc3 27.
Rxd8+ Rxd8 28. Re1 Rd4 29. c5 Nb5 30. Re8+ Rd8 31. Re7 Rd7 32. Re8+ Rd8 33. Re5
Nxa3 34. Rxf5 Nc2 35. Rf4 Rd4 36. Rf8+ Rd8 37. Rf7 Rd7 38. Rf4 Rd4 39. Rf8+ Rd8
40. Rf7 Rd7 41. Rf8+ Rd8 {Normal} 1/2-1/2

[Event "Rated Blitz game"]
[Site "?"]
[Date "2021.06.18"]
[Round "?"]
[White "Cachul"]
[Black "elcabusin"]
[Result "1-0"]
[WhiteElo "2390"]
[BlackElo "2407"]
[PlyCount "32"]
[EventDate "2021.??.??"]
[EventType "blitz"]

1. e4 e5 2. Nf3 d5 3. Nxe5 Bd6 4. d4 dxe4 5. Nc4 Nf6 6. Bg5 Nc6 7. Be2 Nxd4 8.
Bxf6 Qxf6 9. Nc3 Bf5 10. Nd5 Qg5 11. Qxd4 O-O-O 12. Qe3 Qxg2 13. O-O-O c6 14.
Nxd6+ Rxd6 15. Ne7+ Kc7 16. Nxf5 Rf6 {Normal} 1-0

[Event "Rated Blitz game"]
[Site "?"]
[Date "2021.06.18"]
[Round "?"]
[White "Madara_uchiwa"]
[Black "ahoramahora"]
[Result "0-1"]
[WhiteElo "2451"]
[BlackElo "2369"]
[PlyCount "68"]
[EventDate "2021.??.??"]
[EventType "blitz"]

1. e4 e5 2. Nf3 d5 3. exd5 e4 4. Nd4 Qxd5 5. Nb3 Qe5 6. Be2 Nf6 7. d4 exd3 8.
Qxd3 Bf5 9. Qb5+ Qxb5 10. Bxb5+ c6 11. Bd3 Bxd3 12. cxd3 Bb4+ 13. Nc3 O-O 14.
Kf1 Nbd7 15. g3 Rfe8 16. Kg2 Bxc3 17. bxc3 Re2 18. Be3 Nd5 19. Kf3 Rb2 20. c4
Nxe3 21. fxe3 Re8 22. d4 c5 23. h4 cxd4 24. exd4 Ree2 25. Rhe1 Rxe1 26. Rxe1
Rxa2 27. Nc5 Ra3+ 28. Kf4 Nf8 29. Nxb7 Ne6+ 30. Kg4 h5+ 31. Kxh5 Nxd4 32. Re8+
Kh7 33. Nd6 Rxg3 34. Nxf7 g6# {Normal} 0-1

[Event "Rated Blitz game"]
[Site "?"]
[Date "2021.06.18"]
[Round "?"]
[White "GloomyHoneyBadger"]
[Black "ahoramahora"]
[Result "1-0"]
[WhiteElo "2412"]
[BlackElo "2381"]
[PlyCount "119"]
[EventDate "2021.??.??"]
[EventType "blitz"]

1. e4 e5 2. Nf3 d5 3. exd5 e4 4. Nd4 Qxd5 5. Nb3 Qe5 6. Nc3 Nf6 7. Be2 Bd6 8.
d3 exd3 9. Qxd3 Bf5 10. Qb5+ Qxb5 11. Bxb5+ Nbd7 12. Nd4 Bg6 13. O-O O-O-O 14.
Re1 a6 15. Ba4 Nc5 16. Bb3 Bxh2+ 17. Kxh2 Rxd4 18. Be3 Nxb3 19. axb3 Ng4+ 20.
Kg3 Nxe3 21. fxe3 Rd2 22. Re2 Rhd8 23. Rae1 Bxc2 24. b4 Bf5 25. e4 Be6 26. Kf4
h6 27. Ke5 R2d4 28. Nd5 Rc4 29. b3 Bxd5 30. bxc4 Bxc4 31. Rc2 Be6 32. Rec1 c6
33. Rc5 Kc7 34. b5 axb5 35. Rxb5 Ra8 36. Rbc5 Ra2 37. R1c2 Rxc2 38. Rxc2 b5 39.
Kd4 Kb6 40. e5 b4 41. g3 b3 42. Rb2 c5+ 43. Kc3 c4 44. Rd2 Kc5 45. Rd8 h5 46.
Rg8 g6 47. Rd8 g5 48. Rh8 Bg4 49. Rh7 Kd5 50. Rxf7 Kxe5 51. Rg7 Kf6 52. Rh7 Be2
53. Rh8 Kf5 54. Rf8+ Kg4 55. Rf2 Bd3 56. Rh2 Kxg3 57. Rxh5 g4 58. Rg5 Kf3 59.
Kd2 g3 60. Rf5+ {Time forfeit} 1-0

[Event "Rated Blitz tournament JDVmj6zK"]
[Site "?"]
[Date "2021.06.18"]
[Round "?"]
[White "Manacero"]
[Black "Vik1970"]
[Result "1-0"]
[WhiteElo "2420"]
[BlackElo "2218"]
[PlyCount "35"]
[EventDate "2021.??.??"]
[EventType "blitz"]

1. e4 e5 2. Nf3 d5 3. Nxe5 Bd6 4. d4 dxe4 5. Qh5 g6 6. Qe2 Nf6 7. Bg5 O-O 8.
Nc3 Bf5 9. O-O-O Nc6 10. Qc4 Kg7 11. Bh4 Qe8 12. f4 exf3 13. Nxf3 Ne4 14. Re1
Bf4+ 15. Kb1 Bd2 16. Nxe4 Bxe1 17. Nf6 Qe4 18. Nxe4 {Normal} 1-0

[Event "Rated Blitz game"]
[Site "?"]
[Date "2021.06.18"]
[Round "?"]
[White "MaitedePapa"]
[Black "Winquitter"]
[Result "0-1"]
[WhiteElo "2415"]
[BlackElo "2450"]
[PlyCount "70"]
[EventDate "2021.??.??"]
[EventType "blitz"]

1. e4 e5 2. Nf3 d5 3. Nxe5 Qe7 4. d4 f6 5. Nf3 dxe4 6. Ng1 f5 7. Bc4 Nf6 8. Ne2
Nc6 9. c3 Be6 10. Qb3 Bxc4 11. Qxb7 Kd7 12. Qxa8 Bxe2 13. Kxe2 Qe6 14. d5 Nxd5
15. Rd1 f4 16. c4 Qg4+ 17. Ke1 Bb4+ 18. Nc3 Rxa8 19. Rxd5+ Kc8 20. Kf1 f3 21.
Rg5 Qd7 22. Be3 Qd3+ 23. Kg1 Bxc3 24. bxc3 Rb8 25. gxf3 exf3 26. h4 Rb1+ 27.
Rxb1 Qxb1+ 28. Kh2 Qxa2 29. c5 a5 30. Rxg7 a4 31. Bf4 Qxf2+ 32. Kh3 Qf1+ 33.
Kh2 Qe2+ 34. Kh3 f2 35. Rxc7+ Kd8 {Normal} 0-1

[Event "Rated Blitz game"]
[Site "?"]
[Date "2021.06.18"]
[Round "?"]
[White "historicodeatleta"]
[Black "ahoramahora"]
[Result "1-0"]
[WhiteElo "2452"]
[BlackElo "2410"]
[PlyCount "51"]
[EventDate "2021.??.??"]
[EventType "blitz"]

1. e4 e5 2. Nf3 d5 3. Nxe5 Bd6 4. d4 dxe4 5. Nc4 Nf6 6. Ne3 O-O 7. c4 Nc6 8.
Nc3 Re8 9. g3 Bb4 10. d5 Ne5 11. Be2 Bxc3+ 12. bxc3 Bh3 13. Qd4 Qd7 14. c5 Bg2
15. Nxg2 Nf3+ 16. Bxf3 exf3+ 17. Ne3 Nxd5 18. c4 Nxe3 19. Qxd7 Nc2+ 20. Kd2
Nxa1 21. Kc3 Re2 22. Bd2 Rxf2 23. Rxa1 Rxh2 24. Rf1 f2 25. Qd4 Re8 26. Rxf2 {
Normal} 1-0

[Event "Rated Blitz game"]
[Site "?"]
[Date "2021.06.18"]
[Round "?"]
[White "Madara_uchiwa"]
[Black "ahoramahora"]
[Result "0-1"]
[WhiteElo "2444"]
[BlackElo "2377"]
[PlyCount "49"]
[EventDate "2021.??.??"]
[EventType "blitz"]

1. e4 e5 2. Nf3 d5 3. Nxe5 Bd6 4. d4 dxe4 5. Nc3 Bxe5 6. dxe5 Qxd1+ 7. Kxd1 Nc6
8. Bf4 Bg4+ 9. Ke1 f5 10. Bb5 Nge7 11. h3 Bh5 12. g4 fxg4 13. hxg4 Bxg4 14. Rg1
h5 15. Nxe4 O-O-O 16. Nd2 Nd4 17. Bd3 Nd5 18. Bh2 Rhf8 19. Rg3 Nf4 20. Kf1 Nxd3
21. cxd3 Nf5 22. Rg1 Rxd3 23. Ne4 Nd4 24. Nc5 Rd2 25. Rg3 {Normal} 0-1

[Event "Rated Blitz game"]
[Site "?"]
[Date "2021.06.18"]
[Round "?"]
[White "Pyotr_Lapin"]
[Black "Razario90"]
[Result "1/2-1/2"]
[WhiteElo "2401"]
[BlackElo "2402"]
[PlyCount "60"]
[EventDate "2021.??.??"]
[EventType "blitz"]

1. e4 e5 2. Nf3 d5 3. exd5 e4 4. Qe2 Nf6 5. Nc3 Be7 6. Nxe4 O-O 7. Nxf6+ Bxf6
8. Qd1 Qxd5 9. Be2 c5 10. O-O Nc6 11. d3 Re8 12. c3 Bf5 13. Be3 Rad8 14. Qb3 b6
15. Rfd1 h6 16. h3 Qd7 17. Bf1 Na5 18. Qc2 c4 19. Nd4 Bxd4 20. Bxd4 Nc6 21. a4
Nxd4 22. cxd4 Qxd4 23. Qxc4 Qxb2 24. d4 Rc8 25. Qd5 Be4 26. Qh5 Rc2 27. Rab1
Qa2 28. Ra1 Qb2 29. Rab1 Qa2 30. Ra1 Qb2 {Normal} 1/2-1/2

[Event "Rated Rapid game"]
[Site "?"]
[Date "2021.06.18"]
[Round "?"]
[White "j98h"]
[Black "Knight2k"]
[Result "0-1"]
[WhiteElo "2404"]
[BlackElo "2239"]
[PlyCount "82"]
[EventDate "2021.??.??"]
[EventType "rapid"]

1. e4 e5 2. Nf3 d5 3. Nxe5 dxe4 4. d4 Be6 5. Nc3 Bb4 6. a3 Bxc3+ 7. bxc3 Ne7 8.
Be2 Nd5 9. Bd2 O-O 10. O-O Qh4 11. Qc1 h6 12. c4 Nf6 13. Bf4 Nh5 14. Be3 Nf6
15. Re1 Ng4 16. Nxg4 Bxg4 17. Bxg4 Qxg4 18. Bf4 Nc6 19. c3 Rac8 20. Rxe4 g5 21.
f3 Qh5 22. Bg3 f5 23. Re6 f4 24. Bf2 g4 25. Qc2 gxf3 26. d5 Rf5 27. h4 Qg4 28.
Kf1 Qxg2+ 29. Ke1 Re5+ 30. Rxe5 Nxe5 31. Qe4 Re8 32. Rd1 Nd3+ 33. Kd2 Rxe4 34.
Rg1 Nxf2 35. Rxg2+ fxg2 36. Kc2 g1=Q 37. Kb3 Qd1+ 38. Kb4 a5+ 39. Kb5 Qb3+ 40.
Kxa5 Qxc4 41. h5 Qa4# {Normal} 0-1

[Event "Rated Blitz game"]
[Site "?"]
[Date "2021.06.18"]
[Round "?"]
[White "EpicureColumns"]
[Black "ahoramahora"]
[Result "0-1"]
[WhiteElo "2405"]
[BlackElo "2396"]
[PlyCount "62"]
[EventDate "2021.??.??"]
[EventType "blitz"]

1. e4 e5 2. Nf3 d5 3. Nxe5 Bd6 4. d4 dxe4 5. Nc4 Nf6 6. Be2 h6 7. Nc3 O-O 8.
O-O Bf5 9. Nxd6 Qxd6 10. Nb5 Qd7 11. Bf4 Nd5 12. Bg3 a6 13. c4 axb5 14. cxd5
Qxd5 15. Bxc7 Nc6 16. Bb6 Ra6 17. Bc5 Rd8 18. Bxb5 Raa8 19. Bxc6 bxc6 20. b3
Bg6 21. Re1 f5 22. Qe2 f4 23. Qc4 Qxc4 24. bxc4 Re8 25. Bd6 Rad8 26. Be5 f3 27.
a4 c5 28. Rad1 fxg2 29. Kxg2 Bh5 30. Rd2 Bf3+ 31. Kf1 Rxe5 {Normal} 0-1

[Event "Rated Blitz game"]
[Site "?"]
[Date "2021.06.18"]
[Round "?"]
[White "danylo03"]
[Black "ahoramahora"]
[Result "1-0"]
[WhiteElo "2434"]
[BlackElo "2391"]
[PlyCount "125"]
[EventDate "2021.??.??"]
[EventType "blitz"]

1. e4 e5 2. Nf3 d5 3. d3 dxe4 4. dxe4 Qxd1+ 5. Kxd1 Nc6 6. h3 Be6 7. Nc3 O-O-O+
8. Bd3 Nf6 9. Ke2 Bb4 10. Bd2 Nd4+ 11. Nxd4 exd4 12. Nd1 Bxd2 13. Kxd2 c5 14.
b3 a6 15. a4 Kc7 16. f3 Rb8 17. a5 Rbd8 18. Nb2 Nd7 19. f4 f6 20. Nc4 Bxc4 21.
Bxc4 Rhe8 22. Rae1 Nb8 23. Bd5 Nc6 24. Bxc6 Kxc6 25. Kd3 Kb5 26. e5 fxe5 27.
Rxe5 Rxe5 28. fxe5 Kxa5 29. Rf1 Re8 30. Ke4 Kb4 31. Rf7 Kc3 32. Rxb7 Kxc2 33.
Rc7 d3 34. Rxc5+ Kxb3 35. Kxd3 Kb4 36. Rd5 a5 37. Ke4 a4 38. Rd7 Ra8 39. e6 a3
40. Ke5 a2 41. Rd1 a1=Q+ 42. Rxa1 Rxa1 43. e7 Kc5 44. Ke6 Re1+ 45. Kf7 Kd6 46.
e8=Q Rxe8 47. Kxe8 Ke6 48. Kf8 Kf6 49. Kg8 Kg6 50. Kh8 h5 51. Kg8 Kf6 52. Kh7
g5 53. g4 hxg4 54. hxg4 Ke5 55. Kg6 Kf4 56. Kh5 Ke5 57. Kxg5 Ke6 58. Kg6 Ke7
59. Kg7 Ke6 60. g5 Kf5 61. g6 Kg5 62. Kf7 Kf4 63. g7 {Normal} 1-0

[Event "Rated Blitz game"]
[Site "?"]
[Date "2021.06.18"]
[Round "?"]
[White "Spaine"]
[Black "ahoramahora"]
[Result "0-1"]
[WhiteElo "2507"]
[BlackElo "2414"]
[PlyCount "120"]
[EventDate "2021.??.??"]
[EventType "blitz"]

1. e4 e5 2. Nf3 d5 3. Nxe5 Bd6 4. d4 dxe4 5. Nc4 Nf6 6. Be2 Nc6 7. Nxd6+ Qxd6
8. c3 O-O 9. O-O h6 10. Nd2 Bf5 11. Nc4 Qd7 12. Bf4 Nd5 13. Bg3 b5 14. Ne3 Nxe3
15. fxe3 Ne7 16. a4 a6 17. axb5 axb5 18. Rxa8 Rxa8 19. Qb3 c6 20. c4 Be6 21. d5
cxd5 22. Qxb5 Qxb5 23. cxb5 d4 24. exd4 Nd5 25. Rc1 Ra2 26. Rb1 Kf8 27. Bd6+
Ke8 28. Bc5 Ra8 29. Rc1 Kd7 30. b6 Rb8 31. Bb5+ Kd8 32. Re1 f5 33. Ra1 Nxb6 34.
Ra7 Nd5 35. Bc6 Nc7 36. Bd6 Rc8 37. Bb7 Nb5 38. Bxc8 Nxa7 39. Bxe6 Nb5 40. Bc5
g6 41. Bc4 Nc7 42. Bb6 Kd7 43. Bxc7 Kxc7 44. d5 Kd6 45. Kf2 g5 46. Ke3 Ke5 47.
g3 f4+ 48. gxf4+ gxf4+ 49. Ke2 Kd6 50. b4 Ke5 51. b5 Kd6 52. b6 Kd7 53. b7 Kc7
54. Ba6 Kb8 55. d6 Ka7 56. d7 Kb8 57. d8=Q+ Ka7 58. Qc7 f3+ 59. Ke3 Kxa6 60.
b8=Q f2 {Time forfeit} 0-1